Five Closest Countries by Continent - Statistics

General Stats
  • This quiz has been taken 4,722 times
    4,639 since last reset
  • The average score is 22 of 28
Answer Stats
Continent Country % Correct
Europe/Asia/North America Russia
94%
Oceania Indonesia
89%
South America Panama
89%
North America Colombia
87%
Africa Israel
86%
Africa Saudi Arabia
85%
Africa Spain
85%
North America Venezuela
84%
Africa Yemen
81%
Asia Egypt
80%
Oceania Malaysia
79%
South America Trinidad & Tobago
79%
Europe Georgia
77%
Africa Jordan
77%
Oceania East Timor
76%
Europe Morocco
76%
Oceania Philippines
76%
North America Guyana
75%
North America Brazil
73%
Asia United States
73%
South America Saint Lucia
70%
South America St Vincent & Grenadines
70%
Europe Azerbaijan
69%
Oceania Brunei
69%
South America Grenada
69%
Asia Greece
67%
Asia Papua New Guinea
67%
Europe Kazakhstan
55%
No matching quizzes found
Score Distribution
Percent of People with Each Score
Percentile by Number Answered
Your Score History
You have not taken this quiz since the last reset